Fishing operations. (Record no. 20947)
[ view plain ]
| 000 -LEADER | |
|---|---|
| fixed length control field | 00507cam a2200169 a 4500 |
| 020 ## - INTERNATIONAL STANDARD BOOK NUMBER | |
| ISBN | 9789251088098 |
| 022 ## - INTERNATIONAL STANDARD SERIAL NUMBER | |
| ISSN | 10205292 |
| 040 ## - CATALOGING SOURCE | |
| Transcribing agency | JNA |
| 082 00 - DEWEY DECIMAL CLASSIFICATION NUMBER | |
| Classification number | 639 FOP 2015 C132 Or. |
| 245 00 - TITLE STATEMENT | |
| Title | Fishing operations. |
| 260 ## - PUBLICATION, DISTRIBUTION, ETC. (IMPRINT) | |
| Place of publication | Rome : |
| Name of publisher | Food and Agriculture Organization of the United Nations, |
| Year of publication | 2015. |
| 300 ## - PHYSICAL DESCRIPTION | |
| Number of Pages | 1 v. (various pagings) : |
| Other physical details | ill. ; |
| Dimensions | 21 cm. |
| 500 ## - GENERAL NOTE | |
| General note | "M-40"--T.p. verso. |
| 650 #0 - SUBJECT ADDED ENTRY--TOPICAL TERM | |
| Topical Term | Fisheries. |
| 710 2# - ADDED ENTRY--CORPORATE NAME | |
| Corporate name or jurisdiction name as entry element | Food and Agriculture Organization of the United Nations. |
| 942 ## - ADDED ENTRY ELEMENTS (KOHA) | |
| Koha item type | ADB |
| 952 ## - LOCATION AND ITEM INFORMATION (KOHA) | |
| Withdrawn status [LOCAL, KOHA] | 0 |
| Permanent Location | Date acquired | Koha item type | Lost status | Shelving location | Barcode | Current Location | Full call number |
|---|---|---|---|---|---|---|---|
| Library Block A | 2023-01-18 | ADB | A084 | a071152 | Library Block A | 639 FOP 2015 C084 Or. |